The 1996 Telecom Act : an antitrust perspective : hearing before the Subcommittee on Antitrust, Business Rights, and Competition of the Committee on the Judiciary, United States Senate, One Hundred Fifth Congress, first session ... September 17, 1997.

Bibliographic Details
Corporate Authors: United States. Congress. Senate. Committee on the Judiciary. Subcommittee on Antitrust, Business Rights, and Competition, ProQuest (Firm)
Format: Government Document eBook
Language:English
Published: Washington : U.S. G.P.O. : 1998.
Series:U.S. Congressional Hearings.
Subjects:
Online Access:Connect to the full text of this electronic book

MARC

Tag First Indicator Second Indicator Subfields
LEADER 00000cam a22000001a 4500
001 in00003247821
006 m d f
007 cr bn mmmapmmp
008 091027s1998 dcua ob f000 0 eng d
005 20260511185049.9
035 |a cis2007469171 
040 |a UMI  |c UMI  |d UtOrBLW 
043 |a n-us--- 
074 |a 1042-A 
074 |a 1042-B (MF) 
086 0 |a Y 4.J 89/2:S.HRG.105-378 
088 |a Serial no. J-105-47 (United States. Congress. Senate. Committee on the Judiciary) 
099 |a HRG-1997-SJS-0036 
110 1 |a United States.  |b Congress.  |b Senate.  |b Committee on the Judiciary.  |b Subcommittee on Antitrust, Business Rights, and Competition. 
245 1 4 |a The 1996 Telecom Act :  |b an antitrust perspective : hearing before the Subcommittee on Antitrust, Business Rights, and Competition of the Committee on the Judiciary, United States Senate, One Hundred Fifth Congress, first session ... September 17, 1997. 
264 1 |a Washington :  |b U.S. G.P.O. :  |c 1998. 
264 2 |a Washington :  |b For sale by the U.S. G.P.O., Supt. of Docs., Congressional Sales Office, 
300 |a 1 online resource. 
336 |a text  |b txt  |2 rdacontent 
337 |a computer  |b c  |2 rdamedia 
338 |a online resource  |b cr  |2 rdacarrier 
490 1 |a S. hrg. ;  |v 105-378 
500 |a Record is based on bibliographic data in ProQuest Congressional Hearings Digital Collection. Reuse except for individual research requires license from ProQuest, LLC. 
504 |a Includes bibliographical references. 
538 |a System requirements: PDF reader software. 
500 |a Electronic resource. 
610 1 0 |a United States.  |t Telecommunications Act of 1996. 
650 0 |a Telecommunication  |x Law and legislation  |z United States. 
650 0 |a Antitrust law  |z United States. 
655 7 |a Electronic books.  |2 local 
710 2 |a ProQuest (Firm) 
776 0 8 |i Print version:  |a United States. Congress. Senate. Committee on the Judiciary. Subcommittee on Antitrust, Business Rights, and Competition.  |t 1996 Telecom Act  |w (DGPO)97089219  |w (OCoLC)38964148 
776 0 8 |i Microfiche version:  |a United States. Congress. Senate. Committee on the Judiciary. Subcommittee on Antitrust, Business Rights, and Competition.  |t 1996 Telecom Act.  |d [Bethesda, Md.] : ProQuest,[2004]  |o CIS 98 S521-23  |w (ProQuest)cis09802049 
810 1 |a United States.  |b Congress.  |b Senate.  |t S. hrg. ;  |v 105-378. 
830 0 |a U.S. Congressional Hearings. 
856 4 0 |u http://proxy.library.tamu.edu/login?url=https://congressional.proquest.com/congcomp/getdoc?HEARING-ID=HRG-1997-SJS-0036  |z Connect to the full text of this electronic book  |t 0 
998 |a cis09802049 
999 |a MARS 
999 f f |s 0f41a9ba-a366-3b8b-98e9-8bbe432a0e8e  |i 6e6f6ab9-26cb-3280-9825-769c61891dc1  |t 0 
952 f f |a Texas A&M University  |b College Station  |c Electronic Resources  |s www_evans  |d Available Online  |t 0  |e HRG-1997-SJS-0036  |h Other scheme 
998 f f |a HRG-1997-SJS-0036  |t 0  |l Available Online